| 000 | 00559nam a2200217 a 4500 | ||
|---|---|---|---|
| 999 |
_c10542 _d10542 |
||
| 003 | BD-JhCC | ||
| 005 | 20180621121300.0 | ||
| 008 | 171128s a |||| ||a| 000 0 eng d | ||
| 035 | _a(BD-JhCC) | ||
| 040 |
_aBD-JhCC _dBD-JhCC |
||
| 041 | _aeng | ||
| 082 |
_a917 _bHER |
||
| 100 | _aHerdman, T. | ||
| 245 |
_aLongmans colour geographies : _bAtlantic to the Great Lakes / _c T. Herdman |
||
| 260 |
_aAustralia : _bLongmans, |
||
| 300 |
_a36 p .: _c20 cm . |
||
| 650 | _aGreat Lakes Region | ||
| 650 | _aTravel | ||
| 942 |
_2ddc _cBK |
||